| 000 | 00603nam a2200181Ia 4500 | ||
|---|---|---|---|
| 008 | 090630s9999 xx 000 0 und d | ||
| 082 | _b14671 | ||
| 100 | _aवाळिंबे शरच्चंद्र. | ||
| 245 |
_aजिगर. _cवाळिंबे शरच्चंद्र. |
||
| 260 |
_bराज - पुणे. _c1997 |
||
| 300 | _a304 | ||
| 600 | _aवाळिंबे शरच्चंद्र. | ||
| 630 | _aजिगर. | ||
| 655 | _aकादंबरी. | ||
| 700 | _aवाळिंबे शरच्चंद्र. | ||
| 730 | _aजिगर. | ||
| 942 | _cBOOK | ||
| 999 |
_c266527 _d266527 |
||